000 00360nam a2200133Ia 4500
008 240624s9999 xx 000 0 und d
041 _aeng
082 _a658.4 BIR
100 _aBIRKINSHAW JULIAN
245 _aREINVENTING MANAGEMENT SMARTER CHOICES F
260 _c2010
_aSan Francisco
_bJossey-Bass
300 _axviii, : 295 : p. : cm. ; 23
365 _c
_b27
999 _c16914
_d16914